| 000 | 01070nam0a2200301 4500 | ||
|---|---|---|---|
| 001 | RU\NLR\bibl\883318 | ||
| 005 | 20250614165635.0 | ||
| 035 | _a(NLR Aleph) 000871872 | ||
| 090 |
_a1604587 _c1604587 |
||
| 100 | _a20051205d2005 |||y0rusy50 ca | ||
| 101 | 0 | _arus | |
| 102 | _aRU | ||
| 105 | _ac ||||||||| | ||
| 200 | 1 |
_aТревога _fСтепан Панчишный |
|
| 210 |
_aСанкт-Петербург _c[б. и.] _d2005 |
||
| 215 |
_a185, [3] с. _cпортр. _d20 |
||
| 320 | _aДр. произведения авт. в конце кн. | ||
| 606 | 1 |
_aВеликая Отечественная война _jВоспоминания, записки и т.п. _z1941 - 1945 _9903571 _3RU\NLR\auth\668893 |
|
| 686 | _aШ6(2=Р)75-491 | ||
| 686 | _aЦ35(2)722,013 | ||
| 700 | 1 |
_aПанчишный _bС. С. _f1922- _gСтепан Степанович _4070 |
|
| 801 | 0 |
_aRU _bNLR _c20051205 _grcr |
|
| 801 | 1 |
_aRU _bNLR _c20051205 |
|
| 830 | _aдата рождения по кн. | ||
| 942 | _cBOOK | ||
| 980 | _aNB | ||